000 00675nam a22002297a 4500
003 UA-OsUOA
001 25486
007 ta
008 20040419b un ||||| |||| 00| 0 ukr d
100 _aРоговая Н.
090 _a336.71
_bР59
942 _cSA
040 _aUA-OsUOA
_bukr
_cUA-OsUOA
_dUA-OsUOA
245 _aДеякі теоретичні аспекти державного регулювання банківської діяльності
300 _aС.36-40
955 _a0
041 _aukr
080 _a336.71
044 _aUA
773 0 _w0
_tЕкономіка України
_dК.
_d2004
_g№4
650 7 _aБанківська справа
_2UDC
999 _c311784
_d311784